|
|
|
|
| LEADER |
00000nam a2200000 4500 |
| 001 |
vtls012250804 |
| 003 |
SK-MaSNL |
| 005 |
20260301173706.0 |
| 008 |
240220s1815 gw f 000 0 ger |
| 015 |
|
|
|a SNBHFA
|
| 040 |
|
|
|a SNKHF
|b slo
|c SNKHF
|e rda
|
| 041 |
0 |
|
|a ger
|
| 044 |
|
|
|a gw
|c DE
|
| 072 |
|
7 |
|a 33
|x Ekonómia
|2 konspekt
|
| 080 |
|
|
|a 33
|2 2011
|
| 080 |
|
|
|a 54
|2 2011
|
| 100 |
1 |
|
|a Richter, Carl Friedrich
|4 aut
|9 483454
|
| 245 |
1 |
0 |
|a Chemisch-ökonomisches Taschenbuch für Wirthschafts-Beamte Oder: Darstellung der chemischen Elementargesetze, welche mit der Oekonomie in der engsten Verbindung stehen
|n Erstes Bảndchen
|c Bearbeitet von C. F. Richte
|
| 250 |
|
|
|a Neue Ausgabe
|
| 264 |
|
3 |
|a Chemnitz
|b bei Wilhelmn Starke
|c 1815
|
| 300 |
|
|
|a VIII strán, 251 strán, 1 nečíslovaná strana
|c 8°
|c 18 x 11 cm
|
| 336 |
|
|
|a text
|b txt
|2 rdacontent
|
| 337 |
|
|
|a bez média
|b n
|2 rdamedia
|
| 338 |
|
|
|a zväzok
|b nc
|2 rdacarrier
|
| 500 |
|
|
|a Vinety, signety, ozdobné iniciálky
|
| 501 |
|
|
|a Príväzok 1.: RICHTER, Carl Friedrich. Chemisch-ökonomisches Taschenbuch. Zweites Bảndchen. Chemnitz: bei Wilhelmn Starke, 1815. 8°.
|5 SNK ID 103412/1-2/prív.1
|
| 546 |
|
|
|a Nemčina
|b Fraktúra
|
| 561 |
|
|
|a Proveniencia: pečiatka: Dr. E. Kadarász- ver. not. Poz. Margity Zayovej.
|5 SNK ID 103412/1-2
|
| 563 |
|
|
|a Väzba: papierová.
|5 SNK ID 103412/1-2
|
| 650 |
0 |
7 |
|a ekonomika
|2 SNKPH
|9 789
|
| 650 |
0 |
7 |
|a chémia
|2 SNKPH
|9 749
|
| 700 |
1 |
|
|a Zaiová, Margita,
|d 1868-1937
|4 fmo ID 103412/1-2
|9 186369
|
| 700 |
1 |
|
|a Kadarász, Ernest
|4 oth
|9 302455
|
| 700 |
1 |
|
|a Starke, Wilhelm
|4 prt
|9 483455
|
| 752 |
|
|
|a Nemecko
|d Kamenica
|
| 852 |
|
|
|a snk
|b Zaiova knižnica
|p ID 103412/1-2
|
| 958 |
|
|
|a DF
|
| 958 |
|
|
|a ONDV
|
| 999 |
|
|
|c 837417
|d 839347
|
| 952 |
|
|
|t Zay 7306; Z 8634
|a SNK
|b SNK
|c SNK_HF
|y PREZ
|7 0
|p 17A1400568
|o snkID 103412/1-2
|i snk2024/2863
|8 5
|0 0
|1 0
|4 0
|d 2024-02-20
|l 0
|r 2026-02-24 03:58:58
|w 2026-02-24
|